000 00367 a2200169 4500
001 186495
020 _a85-7056-692-1
040 _cMagnum
100 _aJunqueira, Sonia
240 1 0 _aA serpente misteriosa
_lpor
245 1 0 _aA serpente misteriosa
300 _a24
362 0 _a1996
440 1 _aAtual
697 _aLITERATURA INFANTO-JUVENIL
942 _cBK
999 _c186495
_d186495